Super Bowl Winners - Statistics

General Stats
  • This quiz has been taken 35 times
  • The average score is 35 of 59
Answer Stats
Hint Answer % Correct
2024 Philadelphia Eagles
100%
2023 Kansas City Chiefs
88%
2022 Kansas City Chiefs
88%
2019 Kansas City Chiefs
81%
2021 Los Angeles Rams
81%
2014 New England Patriots
81%
2017 Philadelphia Eagles
81%
2013 Seattle Seahawks
81%
2020 Tampa Bay Buccaneers
81%
2015 Denver Broncos
77%
2016 New England Patriots
77%
2010 Green Bay Packers
73%
2018 New England Patriots
73%
2011 New York Giants
73%
1966 Green Bay Packers
69%
2004 New England Patriots
69%
2009 New Orleans Saints
69%
2012 Baltimore Ravens
65%
1967 Green Bay Packers
65%
2006 Indianapolis Colts
65%
2007 New York Giants
65%
1995 Dallas Cowboys
62%
1993 Dallas Cowboys
62%
1992 Dallas Cowboys
62%
1999 St. Louis Rams
62%
1985 Chicago Bears
58%
2003 New England Patriots
58%
1979 Pittsburgh Steelers
58%
1978 Pittsburgh Steelers
58%
1998 Denver Broncos
54%
1973 Miami Dolphins
54%
1972 Miami Dolphins
54%
2008 Pittsburgh Steelers
54%
2005 Pittsburgh Steelers
54%
1974 Pittsburgh Steelers
54%
1989 San Francisco 49ers
54%
1997 Denver Broncos
50%
1969 Kansas City Chiefs
50%
1983 Los Angeles Raiders
50%
2001 New England Patriots
50%
1990 New York Giants
50%
1986 New York Giants
50%
1980 Oakland Raiders
50%
1988 San Francisco 49ers
50%
1977 Dallas Cowboys
46%
1968 New York Jets
46%
1976 Oakland Raiders
46%
1975 Pittsburgh Steelers
46%
1994 San Francisco 49ers
46%
1984 San Francisco 49ers
46%
2002 Tampa Bay Buccaneers
46%
1991 Washington Redskins
46%
1987 Washington Redskins
46%
2000 Baltimore Ravens
42%
1971 Dallas Cowboys
42%
1996 Green Bay Packers
42%
1981 San Francisco 49ers
42%
1982 Washington Redskins
38%
1970 Baltimore Colts
31%
No matching quizzes found
Score Distribution
Percent of People with Each Score
Percentile by Number Answered
Your Score History
You have not taken this quiz